#1 Hits der 2000er-Jahre in Österreich - Statistiken

Allgemein
  • Dieses Quiz wurde 273 mal gespielt
  • Das Durchschnittsergebnis liegt bei 34 aus 105
Antwortstatistiken
#1's Artist % Korrekt
2 Lady Gaga
99%
2 Katy Perry
88%
1 DJ Ötzi & Nik P.
87%
1 Anton feat. DJ Ötzi
86%
1 Rihanna
84%
1 Rihanna feat. Jay-Z
84%
1 Eminem feat. Dido
82%
2 Eminem
79%
4 Tokio Hotel
75%
1 Madonna
71%
2 Shakira
70%
2 The Black Eyed Peas
69%
1 The Black Eyed Peas feat. Justin Timberlake
69%
1 P!nk
67%
1 P!nk & Indigo Girls
67%
1 50 Cent feat. Olivia
60%
1 Bon Jovi
57%
1 Stefan Raab & Truck Stop
55%
1 Robbie Williams
52%
1 Usher feat. Ludacris & Lil Jon
51%
1 Fettes Brot
50%
1 Herbert Grönemeyer
49%
1 Nena & Kim Wilde
49%
1 Schnappi, das kleine Krokodil
48%
5 Christina Stürmer
47%
1 Silbermond
46%
1 Timbaland presents OneRepublic
44%
1 David Guetta feat. Akon
43%
1 Dido
43%
2 Leona Lewis
43%
1 Nickelback
43%
3 No Angels
43%
1 O-Zone
43%
1 Las Ketchup
40%
1 t.A.T.u.
40%
1 Wheatus
40%
1 Kid Rock
39%
1 Kylie Minogue
37%
1 Scooter vs. Marc Acardipane & Dick Rules
36%
1 Britney Spears
35%
1 Akon
34%
1 The Pussycat Dolls feat. Snoop Dogg
34%
1 Amy Macdonald
33%
1 Avril Lavigne
33%
1 Duffy
32%
1 Mattafix
30%
1 Nelly Furtado
30%
1 Anastacia
29%
1 Bomfunk MC’s
27%
1 Eric Prydz
27%
1 Fergie
27%
1 Buddy vs. DJ The Wave
26%
1 Oomph!
26%
1 Rednex
25%
1 Scissor Sisters
25%
1 Afroman
24%
1 Atomic Kitten
24%
1 Gigi D’Agostino
24%
1 Gigi D’Agostino & Albertino
24%
1 Yvonne Catterfeld
24%
1 James Blunt
23%
2 Monrose
23%
1 Sugababes
22%
1 Schnuffel
20%
1 Uncle Kracker
20%
1 Zlatko
20%
1 Emilíana Torrini
19%
1 Mando Diao
19%
1 Alex C. feat. Y-ass
18%
1 ATC
18%
1 Die Gerd Show
18%
1 Juanes
18%
1 Bob Sinclar presents Goleo VI feat. Gary „Nesta“ Pine
17%
1 Tobias Regner
17%
1 Marit Larsen
16%
1 Ben feat. Gim
15%
1 Gnarls Barkley
15%
1 Mary J. Blige & U2
15%
1 Nu Pagadi
15%
1 Ronan Keating
14%
1 Bro’Sis
13%
1 Crazy Town
13%
1 Eamon
13%
1 Melanie C
13%
1 Overground
13%
1 Shaggy feat. Rayvon
13%
1 Aventura
12%
1 Mark Medlock
11%
1 Daniel Schuhmacher
10%
1 Kate Winslet
10%
1 Thomas Godoj
10%
1 French Affair
9%
1 Haiducii
9%
1 Ch!pz
8%
1 Eiffel 65
8%
1 Michael Tschuggnall
8%
1 Rising Girl
8%
1 Professor Kaiser feat. Mayerhofer
6%
1 Laura Pausini feat. James Blunt
5%
1 Tiziano Ferro
5%
1 Mad'House
4%
1 Starmaniacs
3%
1 Max Brothers feat. Kanui & Lula
1%
1 Oliver Wimmer
1%
1 Verena
0%
Keine übereinstimmenden Quizze gefunden
Verteilung der Resultate
Anzahl Personen mit jedem Resultat
Perzentil nach korrekt beantworteten Fragen
Ihre Resultats-Entwicklung
Sie haben dieses Quiz noch nicht gespielt